000 00582nam a2200169 4500
999 _c614
_d614
008 191030b ||||| |||| 00| 0 eng d
082 0 0 _a620
_bC483
100 _9124
_aCharnock, G. F.
245 1 0 _aMechanical Technology: Being a Treatise on the Materials and Preparatory Process of the Mechanical Industries
_cby G. F. Charnock
250 _a2nd ed.
260 _aLondon
_bConstable & Company
_c1946
300 _axii, 724 p.
_bill.
500 _aincludes 529 Illustrations and 38 Tables.
650 0 _aMechanical Engineering
700 _9125
_aPartington, F. W.
942 _2ddc
_cBK